| 000 | 00417nam a2200181Ia 4500 | ||
|---|---|---|---|
| 005 | 20240823041254.0 | ||
| 008 | 240823s9999||||xx |||||||||||||| ||und|| | ||
| 041 | _aENGLISH | ||
| 082 | _A291.657 P9 | ||
| 100 | _aVivekananda Kendram | ||
| 245 | 4 | _aThe Wandering Monk | |
| 250 | _a1st | ||
| 260 |
_c2009 _bvivekanda Kendra Prak |
||
| 500 | _aYES | ||
| 650 |
_aGeneral _bGeneral |
||
| 942 | _cBK | ||
| 999 |
_c205103 _d205103 |
||